| 000 | 00436nam a2200157 i 4500 | ||
|---|---|---|---|
| 001 | 37713 | ||
| 003 | ES-MaACL | ||
| 007 | t| | ||
| 008 | 030221s1966 sp ||||1| spa d | ||
| 100 | 1 |
_aCaballero Calderón, Eduardo. _933100 |
|
| 245 | 1 | 3 |
_aEl buen salvaje... / _cEduardo Caballero Calderón. |
| 250 | _a[1ª ed.]. | ||
| 260 |
_aBarcelona : _bDestino, _c[1966] |
||
| 300 |
_a290 p. ; _c19 cm. |
||
| 852 |
_aES-MaACL _jG-15765 _bR.60092 |
||
| 999 |
_c37713 _d37713 |
||